Ley de cheques (Registro nro. 470)

Detalles MARC
000 -LEADER
fixed length control field 01753 a2200253 4500
001 - CONTROL NUMBER
control field 10508
005 - DATE AND TIME OF LATEST TRANSACTION
control field 20260407155439.0
008 - FIXED-LENGTH DATA ELEMENTS--GENERAL INFORMATION
fixed length control field 260407a2004 arg spa d
003 - CONTROL NUMBER IDENTIFIER
control field AR-UNSa-BCEJYS
040 ## - CATALOGING SOURCE
Original cataloging agency AR-UNSa-BCEJYS
Language of cataloging spa
Transcribing agency AR-UNSa-BCEJYS
080 ## - UNIVERSAL DECIMAL CLASSIFICATION NUMBER
Universal Decimal Classification number 347.748
Common auxiliary subdivision Cheques. Cheques cruzados. Cámaras de compensación
020 ## - INTERNATIONAL STANDARD BOOK NUMBER
International Standard Book Number 987-1178-16-6
100 1# - MAIN ENTRY--PERSONAL NAME
Personal name Gómez Leo, Osvaldo R.
245 10 - TITLE STATEMENT
Title Ley de cheques
Name of part/section of a work Leyes 24.452 y 24.760. Comentadas y anotadas
250 ## - EDITION STATEMENT
Edition statement 2a. ed.
264 #1 - PRODUCTION, PUBLICATION, DISTRIBUTION, MANUFACTURE, AND COPYRIGHT NOTICE
Place of production, publication, distribution, manufacture Buenos Aires :
Name of producer, publisher, distributor, manufacturer Lexis Nexis
Date of production, publication, distribution, manufacture, or copyright notice 2004
300 ## - PHYSICAL DESCRIPTION
Extent 333 p.
Dimensions 22 cm.
505 ## - FORMATTED CONTENTS NOTE
Formatted contents note Ley de cheques.Régimen Legal de Cheques. Capítulo preliminar: De las clases de cheques 1. Del cheque común - 2. De la transmisión - 3. de la presentación y del pago - 4. Del recurso por falta de pago - 5. del cheque cruzado - 6. Del cheque para acreditar en cuenta - 7. Del cheque imputado - 8. Del cheque certificado - 9. Del cheque con la cláusula no negociable - 10. Del aval - 11. del cheque de pago diferido - 12. Disposiciones comunes - 13. Disposiciones complementarias. Apéndice: Proyecto Giraldi - Gómez Leo - Richard. Limitación a las transacciones en dinero en efectivo. Ley 35.345 (Parte pertinente). ley de competitividad. Ley 25.413. Factura de crédito. Creación y forma. Modificación. decreto 363/2002. Normas sobre circulación monetaria. Comunicación "A" 3351 - BCRA. Cheques cancelatorios. Comunicación "A" 3420 - BCRA. Actualización de la Ley de Cheques (anotada y comentada)
590 ## - LOCAL NOTE (RLIN)
Local note niveau_biblio:m niveau_hierar:0
650 ## - SUBJECT ADDED ENTRY--TOPICAL TERM
Topical term or geographic name entry element Ley 24.452<br/>Ley 24.760
650 ## - SUBJECT ADDED ENTRY--TOPICAL TERM
Topical term or geographic name entry element ley 24 452 ley 24 760
856 41 - ELECTRONIC LOCATION AND ACCESS
Uniform Resource Identifier <a href="https://biblioeco.unsa.edu.ar/pmb/images/libros/Ley de cheques-l118884.jpg">https://biblioeco.unsa.edu.ar/pmb/images/libros/Ley de cheques-l118884.jpg</a>
Link text Imagen de portada
Electronic format type image/jpeg
942 ## - ADDED ENTRY ELEMENTS (KOHA)
Koha item type
Existencias
Withdrawn status Lost status Damaged status Not for loan Home library Current library Shelving location Date acquired Total checkouts Full call number Barcode Date last seen Price effective from Koha item type
        Biblioteca Prof. Eusebio Cleto del Rey Biblioteca Prof. Eusebio Cleto del Rey   07/04/2026   347.748 G633 2ed. L118884 07/04/2026 07/04/2026 Libro
        Biblioteca Prof. Eusebio Cleto del Rey Biblioteca Prof. Eusebio Cleto del Rey   07/04/2026   347.748 G633 2ed. L118885 07/04/2026 07/04/2026 Libro
        Biblioteca Prof. Eusebio Cleto del Rey Biblioteca Prof. Eusebio Cleto del Rey   07/04/2026   347.748 G633 2ed. L118886 07/04/2026 07/04/2026 Libro
        Biblioteca Prof. Eusebio Cleto del Rey Biblioteca Prof. Eusebio Cleto del Rey   07/04/2026   347.748 G633 2ed. L118887 07/04/2026 07/04/2026 Libro
        Biblioteca Prof. Eusebio Cleto del Rey Biblioteca Prof. Eusebio Cleto del Rey   07/04/2026   347.748 G633 2ed. L118888 07/04/2026 07/04/2026 Libro